De los delitos y de las penas

Detalles Bibliográficos
Autor principal: Baccaria, Cesare
Formato: eBook
Lenguaje:español
Publicado: Lima: Palestra Editores, 2020
Materias:
Acceso en línea:Acceso restringido

MARC

LEADER 00000nam a22000007a 4500
005 20220819222336.0
007 cr|||| ||||
008 220819s2020 pe |||||s|||| 00||0 spa d
020 |a 9786123251277 
035 |a 36900 
040 |a vLex 
090 |c 13760  |d 13760 
100 1 |a Baccaria, Cesare 
245 1 5 |a De los delitos y de las penas  |h [Recurso electrn̤ico] /  |c Cesare Baccaria 
256 |a Servicio en ln̕ea 
260 |a Lima:  |b Palestra Editores,  |c 2020 
300 |a 1 recurso electrn̤ico 
500 |a La presente obra contiene uno de los ensayos jurd̕icos de mayor repercusin̤ en la reforma del derecho penal de Europa. En ella, Cesare Beccaria expone la realidad de las leyes penales vigentes durante el siglo XVIII, poniendo de relieve la crueldad de su aplicacin̤. Frente a ello, propone una serie de cambios normativos, que para entonces se apreciaban como revolucionarios. Plante ̤la delimitacin̤ de los delitos y el establecimiento de las penas a fin de evitar la arbitrariedad de la autoridad jurisdiccional al momento de juzgar. Este y otros temas se desarrollan en esta edicin̤ que, sin lugar a dudas, constituye un referente histr̤ico para quien est ̌interesado en conocer los fundamentos del derecho penal. 
506 1 |a Disponible solo en los productos indicados  |d vLex Global  |d vLex Global (Academic Edition, excluding Law Schools)  |d vLex Global (U.S. Academic Edition, Law Schools)  |d vLex Global (U.S. Academic Edition, excluding Law Schools)  |d vLex Global (Academic Edition, Law Schools) 
650 0 4 |a Derecho Penal  |z Per︢ 
650 0 4 |a Procedimiento Penal  |z Per︢ 
740 0 |a vLex Libros (Servicio en ln̕ea) 
856 4 0 |u https://app.vlex.com/#/sources/36900  |z Acceso restringido 
942 |c BOOK 
999 0 |a Criminal Law 
999 0 |a Criminal Procedure